गोरखपुर संभाग का पुरातत्व: नवपाषाण काल से प्रथम शताब्दी ई. तक (Record no. 1435370)

MARC details
000 -LEADER
fixed length control field 00504 a2200121 4500
000 - LEADER
fixed length control field nam a22 7a 4500
005 - DATE AND TIME OF LATEST TRANSACTION
control field 20250912111851.0
020 ## - INTERNATIONAL STANDARD BOOK NUMBER
International Standard Book Number 978-93-818143-52-9
100 ## - MAIN ENTRY--PERSONAL NAME
Personal name गुप्ता, राज कुमार
9 (RLIN) 821228
245 ## - TITLE STATEMENT
Title गोरखपुर संभाग का पुरातत्व: नवपाषाण काल से प्रथम शताब्दी ई. तक
260 ## - PUBLICATION, DISTRIBUTION, ETC.
Name of publisher, distributor, etc. स्वाति पब्लिकेशन्स
Date of publication, distribution, etc. 2025
942 ## - ADDED ENTRY ELEMENTS (KOHA)
Koha item type Textbook

No items available.

Copyright @ Delhi University Library System